000 00483nam a2200217Ia 4500
003 OSt
005 20220918230538.0
006 a|||||r|||| 00| 0
007 ta
008 220917b |||||||| |||| 00| 0 eng d
024 _a255,036
037 _cTextual
040 _aARTS
_cARTS
_beng
041 _2eng
_aeng
082 _aQ6:6, K9
245 0 _aDay of peace
260 _c1969
650 _aRELIGION
942 _hQ6:6, K9
_cTEXL
_2CC
999 _c288290
_d288290